000 00739nam a22002177a 4500
003 UA-OsUOA
001 136062
007 ta
008 20190304b un ||||| |||| 00| 0 ukr d
100 _aКрупник Л.
090 _a94(477)
_bК84
942 _cSA
040 _aUA-OsUOA
_bukr
_cUA-OsUOA
_dUA-OsUOA
245 _aКаральна психіатрія та її жертви. Як розправлялися з дисидентами в добу "розвиненого соціалізму"
300 _aС.52-55
955 _a0
041 _aukr
080 _a94(477)
773 0 _w136061
_tУкраїнський тиждень
_dК.
_d2019
_g8
650 7 _a9 Географія. Біографії. Історія
_2UDC
999 _c408977
_d408977